| 000 | 00349nam a22001337a 4500 | ||
|---|---|---|---|
| 020 | _a9781631061509 | ||
| 082 |
_a823 _bHOM |
||
| 100 | _aTranslated by Samuel Butler, | ||
| 245 |
_aThe odyssey _cTranslated by Samuel Butler, |
||
| 260 |
_aNew york ; _bRace point, _c2015. |
||
| 300 |
_axxiv,296p. : _c25cm. |
||
| 563 | _aPB | ||
| 942 |
_2ddc _cBK |
||
| 999 |
_c614254 _d614254 |
||